Software Logo Quiz - Statistics

General Stats
  • This quiz has been taken 28 times
  • The average score is 13 of 16
Answer Stats
Picture Answer % Correct
Amazon
100%
Facebook
100%
Google
100%
Netflix
100%
TikTok
100%
Discord
96%
Skype
96%
Yahoo!
96%
WhatsApp
93%
Airbnb
89%
Dropbox
86%
Quora
79%
NordVPN
64%
Squarespace
57%
Slack
54%
Blockbench
14%
No matching quizzes found
Score Distribution
Percent of People with Each Score
Percentile by Number Answered
Your Score History
You have not taken this quiz